000 00842nam a2200169 a 4500
001 000026100
005 20200930024313.0
008 110301s1973 dr c 000 0 spa d
040 _aDO-SdBNP
_bspa
_cBNPHU
082 _axxx
_bF356d
111 2 _aFeria del libro
_d(1973 :
_cSanto Domingo)
_953037
245 1 0 _aDiscursos y conferencias.
260 _aSanto Domingo :
_bTaller,
_c1973.
300 _a115 p. :
_bretrs. ;
_c22 cm.
505 0 _aLiminar / Jorge Tena Reyes -- Discurso de apertura / Altagracia Bautista de Suárez -- Los poblamientos aborigenes de la Isla Española / Marcio Velóz Maggiolo -- La vida y obra de Pablo Picasso / Marianne de Tolentino -- Patria, amor y jibarismo en tres poetas puertorriqueños / Jorge Tena Reyes, Cesáreo Rosa Nieves -- Discurso de clausura de la feria / Anaiboní Guerrero Báez.
049 _aBNPD
999 _c25592
_d25592